[Event "Bayern ch 2008"]
[Site "Bad Neustadt /Saale"]
[Date "2008.08.30"]
[Round "1"]
[White "Köpke, Christian"]
[Black "Reich, Thomas"]
[Result "1-0"]
[WhiteElo "2330"]
[BlackElo "2425"]
[PlyCount "79"]
[EventDate "2008.??.??"]
[WhiteTeam "SC Tarrasch 45 München"]
[BlackTeam "FC Bayern München e.V."]

1. e4 b6 2. d4 Bb7 3. Bd3 e6 4. Nf3 Nc6 5. c3 g6 6. Bg5 Nce7 7. c4 h6 8. Be3
Nf6 9. Nc3 d6 10. h3 Bg7 11. Qd2 Nd7 12. Rc1 c5 13. d5 e5 14. a3 f5 15. g3 Nf6
16. Qc2 Bc8 17. exf5 e4 18. Nxe4 Nxe4 19. Bxe4 Bxf5 20. Bxf5 Nxf5 21. g4 Ne7
22. O-O Qd7 23. Rb1 O-O 24. Nd2 Rae8 25. Rbe1 b5 26. b3 a5 27. Qd3 b4 28. a4 h5
29. f3 hxg4 30. hxg4 Bc3 31. Re2 Bxd2 32. Bxd2 Rf7 33. Bg5 Ref8 34. Bxe7 Rxe7
35. Qxg6+ Rg7 36. Qe6+ Qf7 37. Kg2 Rg6 38. Qxf7+ Rxf7 39. Re8+ Kg7 40. Kg3 1-0

[Event "Bayern ch 2008"]
[Site "Bad Neustadt /Saale"]
[Date "2008.08.30"]
[Round "1"]
[White "Meister, Peter"]
[Black "Seuffert, Gabriel"]
[Result "1-0"]
[WhiteElo "2390"]
[BlackElo "2322"]
[PlyCount "101"]
[EventDate "2008.??.??"]
[WhiteTeam "FC Bayern München e.V."]
[BlackTeam "SV Würzburg von 1865 e.V."]

1. d4 d5 2. c4 c6 3. Nf3 Nf6 4. Qc2 g6 5. e3 Bf5 6. Bd3 Bxd3 7. Qxd3 Bg7 8. Nc3
O-O 9. O-O Nbd7 10. e4 dxe4 11. Nxe4 Nxe4 12. Qxe4 Nf6 13. Qe2 Re8 14. Re1 Qa5
15. Bd2 Qf5 16. Bc3 Rad8 17. Rad1 Rd6 18. Ne5 Nd7 19. Ng4 Nf6 20. Ne3 Qd7 21.
Qf3 Qc8 22. h3 Nd7 23. Ng4 h5 24. Ne3 Nf8 25. g4 hxg4 26. Nxg4 Ne6 27. Qe3 f5
28. Nh6+ Kf8 29. d5 cxd5 30. cxd5 Bxc3 31. dxe6 Rxd1 32. Rxd1 Bg7 33. Nf7 Qc2
34. Rd2 Qc1+ 35. Kg2 Qc6+ 36. f3 Kg8 37. h4 Rc8 38. Re2 Qc4 39. Kh3 Rc6 40. Ng5
Bd4 41. Qd2 Kg7 42. h5 Rd6 43. h6+ Kf8 44. Nf7 Rd5 45. Qf4 Kg8 46. h7+ Kxh7 47.
Qh6+ Kg8 48. Qxg6+ Bg7 49. Rg2 Qd4 50. Nh6+ Kh8 51. Qh5 1-0

[Event "Bayern ch 2008"]
[Site "Bad Neustadt /Saale"]
[Date "2008.08.30"]
[Round "1"]
[White "Schramm, Christian"]
[Black "de Francesco, Klaus"]
[Result "1/2-1/2"]
[WhiteElo "2318"]
[BlackElo "2362"]
[PlyCount "98"]
[EventDate "2008.??.??"]
[WhiteTeam "SC 1959 Obernau"]
[BlackTeam "SK Weilheim"]

1. e4 e6 2. d4 d5 3. Nc3 Bb4 4. e5 c5 5. a3 Ba5 6. b4 cxd4 7. Nb5 Bc7 8. f4 Bd7
9. Nf3 Bxb5 10. Bxb5+ Nd7 11. Nxd4 Ne7 12. f5 O-O 13. Bxd7 Qxd7 14. f6 Ng6 15.
fxg7 Rfe8 16. Nf3 Nxe5 17. Bb2 Nxf3+ 18. Qxf3 a5 19. O-O axb4 20. Qh5 d4 21.
axb4 Rxa1 22. Bxa1 e5 23. Rf3 Qe6 24. Rh3 Qg6 25. Qe2 Ra8 26. Bb2 Bd6 27. Rg3
Qe6 28. Qe4 f5 29. Qxb7 Rb8 30. Qa6 f4 31. Rb3 Qd5 32. Rh3 Kxg7 33. Qd3 h6 34.
c4 Qf7 35. Bxd4 exd4 36. Qxd4+ Qf6 37. Qxf6+ Kxf6 38. Rxh6+ Ke5 39. c5 Bf8 40.
Rb6 Ra8 41. h4 Ra1+ 42. Kh2 Kf5 43. Rb7 Kg4 44. Rf7 Ra8 45. Rh7 Rb8 46. Rf7 Rd8
47. Rh7 Rb8 48. Rf7 Re8 49. Rf6 Rb8 1/2-1/2

[Event "Bayern ch 2008"]
[Site "Bad Neustadt /Saale"]
[Date "2008.08.30"]
[Round "1"]
[White "Jorczik, Julian"]
[Black "Holzer, Richard"]
[Result "1-0"]
[WhiteElo "2359"]
[BlackElo "2296"]
[PlyCount "115"]
[EventDate "2008.??.??"]
[WhiteTeam "FC Bayern München e.V."]
[BlackTeam "SK Passau 1869"]

1. d4 Nf6 2. c4 c5 3. d5 b5 4. Nf3 g6 5. Nbd2 d6 6. e4 Bg7 7. cxb5 a6 8. Bd3
O-O 9. O-O axb5 10. Bxb5 Ba6 11. Be2 Nbd7 12. Re1 Qc7 13. Qc2 Rfb8 14. Nb3 Rb7
15. Bd2 Bxe2 16. Rxe2 Qb8 17. Ree1 Rba7 18. Nc1 Nb6 19. Rb1 Qe8 20. b3 Qb5 21.
Bc3 Nbd7 22. Nd2 Nb8 23. a4 Qd7 24. Nc4 Rb7 25. Nd3 Na6 26. h3 Ne8 27. e5 dxe5
28. Ndxe5 Bxe5 29. Rxe5 f6 30. Re6 Ng7 31. Nb6 Qd8 32. Nxa8 Nxe6 33. Qe2 Nec7
34. Nxc7 Nxc7 35. Ba5 Kf8 36. Rd1 Qd6 37. Qc4 e6 38. Bxc7 Rxc7 39. Rd3 e5 40.
Qb5 Kg7 41. Qb8 e4 42. Rc3 Qe7 43. Qb6 Rb7 44. Qc6 Rc7 45. Qb6 Rb7 46. Qa6 Rd7
47. Qc4 Rb7 48. Qxc5 Qxc5 49. Rxc5 Rxb3 50. Rc7+ Kf8 51. a5 Ra3 52. Ra7 Ke8 53.
a6 Kd8 54. d6 Kc8 55. Rc7+ Kd8 56. a7 h6 57. Rh7 Kc8 58. a8=Q+ 1-0

[Event "Bayern ch 2008"]
[Site "Bad Neustadt /Saale"]
[Date "2008.08.30"]
[Round "1"]
[White "Grimberg, Boris"]
[Black "Deglmann, Ludwig"]
[Result "1-0"]
[WhiteElo "2293"]
[BlackElo "2336"]
[PlyCount "39"]
[EventDate "2008.??.??"]
[WhiteTeam "SAbt TSV Haunstetten"]
[BlackTeam "FC Bayern München e.V."]

1. e4 e6 2. d4 d5 3. Nd2 a6 4. Ngf3 c5 5. dxc5 Bxc5 6. Bd3 Nc6 7. c3 Nf6 8. Qe2
dxe4 9. Nxe4 Nxe4 10. Bxe4 Qc7 11. O-O h6 12. Be3 Be7 13. Nd4 Nxd4 14. Bxd4 O-O
15. Rad1 Bd6 16. Qh5 f5 17. Bc2 e5 18. Be3 Rf6 19. Bb3+ Kh8 20. Bg5 1-0

[Event "Bayern ch 2008"]
[Site "Bad Neustadt /Saale"]
[Date "2008.08.30"]
[Round "1"]
[White "Golda, Harald"]
[Black "Lentrodt, Thomas"]
[Result "1-0"]
[WhiteElo "2336"]
[BlackElo "2306"]
[PlyCount "93"]
[EventDate "2008.??.??"]
[WhiteTeam "Schachklub Schweinfurt 2000 e.V."]
[BlackTeam "FC Bayern München e.V."]

1. d4 Nf6 2. Nf3 e6 3. c4 Bb4+ 4. Nc3 b6 5. a3 Bxc3+ 6. bxc3 h6 7. e3 Bb7 8.
Be2 O-O 9. O-O Nc6 10. Qc2 d6 11. Nd2 Na5 12. f3 e5 13. Nb3 Nxb3 14. Qxb3 e4
15. f4 Bc8 16. h3 a5 17. Bd2 a4 18. Qc2 Ra5 19. Be1 Qe7 20. Bh4 g5 21. fxg5
hxg5 22. Bg3 Ne8 23. Bh2 f5 24. Rf2 Rf6 25. Raf1 Rh6 26. c5 bxc5 27. Bc4+ Kg7
28. Rxf5 Bxf5 29. Rxf5 Nf6 30. Rxg5+ Rg6 31. Rf5 d5 32. Bf1 c4 33. Bxc4 Qxa3
34. Be5 c6 35. Qf2 Qe7 36. Ba2 a3 37. h4 Rb5 38. h5 Rb2 39. hxg6 Rxf2 40. Rxf2
Kxg6 41. Rxf6+ Kg5 42. Rxc6 Qb7 43. Bf4+ Kf5 44. Rd6 Qb2 45. Bxd5 Qxc3 46. Rh6
Qc8 47. g4+ 1-0

[Event "Bayern ch 2008"]
[Site "Bad Neustadt /Saale"]
[Date "2008.08.30"]
[Round "1"]
[White "Safyanowsky, Mark"]
[Black "Otte, Marco"]
[Result "1/2-1/2"]
[WhiteElo "2284"]
[BlackElo "2250"]
[PlyCount "113"]
[EventDate "2008.??.??"]
[WhiteTeam "SC Dillingen"]
[BlackTeam "SC Tarrasch 45 München"]

1. d4 f5 2. Nf3 g6 3. g3 Nf6 4. b3 Bg7 5. Bb2 O-O 6. Bg2 d6 7. O-O c6 8. c4 e5
9. dxe5 Ng4 10. Nc3 Nxe5 11. Qd2 Nf7 12. Nd4 Na6 13. e4 fxe4 14. Nxe4 Nc5 15.
f4 Nxe4 16. Bxe4 Bh3 17. Bg2 Bd7 18. f5 Qg5 19. Qxg5 Nxg5 20. h4 Nf7 21. f6 Bh6
22. Nf3 Rae8 23. Rfe1 Bg4 24. Nh2 Bd7 25. Nf3 Be3+ 26. Kh2 Bf2 27. Rxe8 Rxe8
28. Bf1 Bg4 29. Kg2 Bb6 30. Nh2 Bd7 31. Rd1 Bc7 32. Bd4 Nh6 33. Rd2 c5 34. Bb2
Kf7 35. Kf2 Ng8 36. Bg2 b6 37. Bd5+ Be6 38. Ng4 Bxd5 39. Rxd5 h5 40. Ne3 Nxf6
41. Bxf6 Kxf6 42. Rd3 Kf7 43. Nd5 Bd8 44. Nf4 Be7 45. Rf3 Bf6 46. Nd5 Re6 47.
Nc7 Re5 48. Nb5 d5 49. Nxa7 dxc4 50. bxc4 Re4 51. Nc8 Kg7 52. Nxb6 Bd8 53. Rb3
Bxb6 54. Rxb6 Rxc4 55. Rc6 Rc1 56. a4 c4 57. a5 1/2-1/2

[Event "Bayern ch 2008"]
[Site "Bad Neustadt /Saale"]
[Date "2008.08.30"]
[Round "1"]
[White "Poetsch, Klaus"]
[Black "Barth, Norbert"]
[Result "1-0"]
[WhiteElo "2245"]
[BlackElo "2284"]
[PlyCount "79"]
[EventDate "2008.??.??"]
[WhiteTeam "SC Waldkraiburg"]
[BlackTeam "SK Schwandorf"]

1. d4 d5 2. Nf3 Nf6 3. c4 c6 4. Nc3 e6 5. Bg5 Be7 6. e3 Nbd7 7. Rc1 O-O 8. Bd3
a6 9. O-O dxc4 10. Bxc4 c5 11. a4 cxd4 12. exd4 Nb6 13. Bd3 Bd7 14. Ne5 Rc8 15.
Re1 Bc6 16. Re3 g6 17. Bh6 Re8 18. Bc2 Nbd5 19. Rg3 Nxc3 20. bxc3 Be4 21. h4
Bd6 22. Qe2 Bxc2 23. Rxc2 Nd7 24. h5 Qc7 25. f4 Bf8 26. hxg6 fxg6 27. Nxg6 Bxh6
28. Ne7+ Kh8 29. Qxe6 Rxe7 30. Qxe7 Nf8 31. Qxc7 Rxc7 32. f5 Rf7 33. Rf3 Nd7
34. Re2 Nf6 35. Re6 Bf8 36. Kf1 Nd5 37. c4 Ne7 38. g4 Nc6 39. Rd3 Re7 40. d5
1-0

[Event "Bayern ch 2008"]
[Site "Bad Neustadt /Saale"]
[Date "2008.08.30"]
[Round "1"]
[White "Liepold, Stefan"]
[Black "Kaunzinger, Albert"]
[Result "1-0"]
[WhiteElo "2283"]
[BlackElo "2226"]
[PlyCount "113"]
[EventDate "2008.??.??"]
[WhiteTeam "SC Erlangen"]
[BlackTeam "SC Gröbenzell"]

1. e4 d5 2. exd5 Qxd5 3. Nc3 Qa5 4. d4 c6 5. Nf3 Nf6 6. Bc4 Bf5 7. Ne5 e6 8.
Qe2 h5 9. Bd2 Qb6 10. d5 cxd5 11. Bb5+ Nc6 12. O-O-O Bd6 13. Bg5 Ne4 14. Nxe4
Bxe4 15. Bxc6+ bxc6 16. Nc4 dxc4 17. Qxe4 Bc5 18. Qxc4 Rb8 19. b3 Bxf2 20. Rd6
Be3+ 21. Bxe3 Qxe3+ 22. Kb1 O-O 23. Rxc6 Qd2 24. Qe4 Rb4 25. Qf3 Rg4 26. g3 a5
27. h3 Rg5 28. Rd1 Qh2 29. g4 a4 30. gxh5 Rg3 31. Qh1 Qe2 32. h6 a3 33. hxg7
Rxg7 34. Qe1 Qf3 35. Ra6 Ra8 36. Rxa8+ Qxa8 37. Qb4 Qf3 38. Rd8+ Kh7 39. Qh4+
Kg6 40. Qg4+ Qxg4 41. hxg4 Rh7 42. c4 Kg5 43. c5 f5 44. gxf5 exf5 45. Kc2 f4
46. b4 f3 47. c6 Rf7 48. Rd1 Kf4 49. Kc3 f2 50. b5 Rg7 51. Rf1 Ke3 52. Kb4 Rg1
53. Rxf2 Kxf2 54. c7 Rb1+ 55. Kxa3 Rc1 56. b6 Ke3 57. b7 1-0

[Event "Bayern ch 2008"]
[Site "Bad Neustadt /Saale"]
[Date "2008.08.30"]
[Round "1"]
[White "Kliche, Alexander"]
[Black "Röder, Gerd"]
[Result "0-1"]
[WhiteElo "2211"]
[BlackElo "2277"]
[PlyCount "72"]
[EventDate "2008.??.??"]
[WhiteTeam "SC Kitzingen von 1905"]
[BlackTeam "SV Altensittenbach"]

1. e4 c5 2. Nf3 Nc6 3. Bb5 g6 4. O-O Bg7 5. Re1 Nf6 6. e5 Nd5 7. Nc3 Nc7 8.
Bxc6 dxc6 9. Ne4 Ne6 10. d3 O-O 11. Be3 b6 12. Qd2 Nd4 13. Nxd4 cxd4 14. Bh6 c5
15. Bxg7 Kxg7 16. b4 cxb4 17. Qxb4 Bb7 18. Nc5 Bxg2 19. Kxg2 bxc5 20. Qxc5 Rc8
21. Qxa7 e6 22. Re4 Qg5+ 23. Kf1 Rfd8 24. Rae1 Rxc2 25. Rxd4 Qh5 26. Kg1 Rxa2
27. Qxa2 Rxd4 28. Re3 Rh4 29. h3 Rxh3 30. Rxh3 Qxh3 31. Qe2 h5 32. d4 Qg4+ 33.
Qxg4 hxg4 34. Kf1 Kh6 35. Ke2 Kg5 36. Ke3 Kf5 0-1

[Event "Bayern ch 2008"]
[Site "Bad Neustadt /Saale"]
[Date "2008.08.30"]
[Round "1"]
[White "Wild, Rudolf"]
[Black "Schatz, Christian"]
[Result "1/2-1/2"]
[WhiteElo "2267"]
[BlackElo "2209"]
[PlyCount "28"]
[EventDate "2008.??.??"]
[WhiteTeam "SK Krumbach"]
[BlackTeam "Schachzentrum Fürth 2002"]

1. Nf3 Nf6 2. c4 c5 3. d4 cxd4 4. Nxd4 b6 5. Nc3 Bb7 6. f3 e6 7. e4 d6 8. Be3
a6 9. Be2 Nbd7 10. O-O Be7 11. Qd2 O-O 12. a3 Re8 13. Rfd1 Rc8 14. Kh1 Ne5
1/2-1/2

[Event "Bayern ch 2008"]
[Site "Bad Neustadt /Saale"]
[Date "2008.08.30"]
[Round "1"]
[White "Klimpel, Thomas"]
[Black "Sternheimer, Erhard"]
[Result "1/2-1/2"]
[WhiteElo "2154"]
[BlackElo "2185"]
[PlyCount "83"]
[EventDate "2008.??.??"]
[WhiteTeam "TSV Kareth-Lappersdorf"]
[BlackTeam "SC Bad Königshofen 1957"]

1. e4 e5 2. Nf3 Nc6 3. Bb5 g6 4. c3 Bg7 5. O-O d6 6. d3 Nge7 7. d4 O-O 8. Be3
Bg4 9. d5 Nb8 10. h3 Bc8 11. Ne1 c6 12. dxc6 bxc6 13. Bc4 d5 14. exd5 Nxd5 15.
Bc5 Re8 16. Nd2 Nd7 17. Ba3 N7f6 18. Nd3 Bh6 19. Bxd5 cxd5 20. Nc5 Nd7 21. Re1
Nb6 22. b4 Bxh3 23. Nf1 Qg5 24. Qf3 Bg4 25. Qg3 Bc8 26. Qh2 Qh5 27. Qxh5 gxh5
28. Bc1 Bxc1 29. Raxc1 Bf5 30. Ne3 Be6 31. Rcd1 a5 32. Nxe6 fxe6 33. Rb1 a4 34.
b5 Rac8 35. Nd1 e4 36. Re3 Kg7 37. Rg3+ Kh6 38. Rb4 Rc4 39. Rb1 Rec8 40. Kf1
R4c7 41. Rb4 Rc4 42. Rb1 1/2-1/2

[Event "Bayern ch 2008"]
[Site "Bad Neustadt /Saale"]
[Date "2008.08.30"]
[Round "1"]
[White "Zehnter, Sebastian"]
[Black "Schindler, Viktor"]
[Result "1-0"]
[WhiteElo "2180"]
[BlackElo "2111"]
[PlyCount "69"]
[EventDate "2008.??.??"]
[WhiteTeam "SV Würzburg von 1865 e.V."]
[BlackTeam "PTSV SK Hof 1892"]

1. e4 c5 2. Nf3 d6 3. d4 cxd4 4. Qxd4 Nc6 5. Bb5 Bd7 6. Bxc6 Bxc6 7. Nc3 Nf6 8.
Bg5 h6 9. Bxf6 gxf6 10. O-O-O Qa5 11. Kb1 O-O-O 12. b4 Qb6 13. Qxb6 axb6 14. b5
Bd7 15. Nd4 e6 16. Na4 Kc7 17. Rd3 d5 18. exd5 Bb4 19. Rb3 Ba5 20. c4 Bc8 21.
Rc1 Kb8 22. Nc3 Rhg8 23. g3 Bxc3 24. Rbxc3 exd5 25. c5 bxc5 26. Rxc5 Rge8 27.
Kc2 h5 28. Kd2 h4 29. a4 hxg3 30. hxg3 Bh3 31. a5 Rc8 32. Rxc8+ Bxc8 33. b6 Be6
34. Rc7 Rd8 35. a6 1-0

[Event "Bayern ch 2008"]
[Site "Bad Neustadt /Saale"]
[Date "2008.08.30"]
[Round "1"]
[White "Urytskyy, Michael"]
[Black "Lochte, Thomas"]
[Result "0-1"]
[WhiteElo "2084"]
[BlackElo "2176"]
[PlyCount "64"]
[EventDate "2008.??.??"]
[WhiteTeam "PTSV SK Hof 1892"]
[BlackTeam "SK Weilheim"]

1. e4 e5 2. d4 exd4 3. c3 d5 4. exd5 Nf6 5. cxd4 Nxd5 6. Nc3 Bb4 7. Bd2 O-O 8.
Nf3 Nc6 9. Be2 Be6 10. O-O Re8 11. Rc1 Nxc3 12. bxc3 Ba3 13. Rb1 Rb8 14. Ng5
Bxa2 15. Ra1 Be7 16. Rxa2 Bxg5 17. f4 Bf6 18. Bf3 Ne7 19. Rxa7 Bxd4+ 20. cxd4
Qxd4+ 21. Kh1 Qxa7 22. Qc2 Rbd8 23. Bc3 Nd5 24. Bb2 Qe3 25. Bc1 Qc3 26. Qxc3
Nxc3 27. Bxb7 Rd1 28. Rxd1 Nxd1 29. h3 c5 30. Bf3 c4 31. Kh2 c3 32. Kg1 Re1+
0-1

[Event "Bayern ch 2008"]
[Site "Bad Neustadt /Saale"]
[Date "2008.08.30"]
[Round "1"]
[White "Däubler, Heinrich"]
[Black "Kirch, Daniel"]
[Result "0-1"]
[WhiteElo "2171"]
[BlackElo "2042"]
[PlyCount "34"]
[EventDate "2008.??.??"]
[WhiteTeam "Schachclub Haselmühl"]
[BlackTeam "FSV Großenseebach"]

1. d4 Nf6 2. c4 e6 3. Nf3 b6 4. g3 Bb7 5. Bg2 d5 6. O-O Be7 7. Nc3 O-O 8. cxd5
Nxd5 9. Qc2 Nc6 10. Nxd5 Qxd5 11. Rd1 Nb4 12. Qb1 Qc4 13. Bd2 Qxe2 14. Ng5 Bxg5
15. Bxb7 Bxd2 16. Bxa8 Rxa8 17. Rf1 Bg5 0-1

[Event "Bayern ch 2008"]
[Site "Bad Neustadt /Saale"]
[Date "2008.08.30"]
[Round "1"]
[White "Kirch, Florian"]
[Black "Jussupow, Nadia"]
[Result "0-1"]
[WhiteElo "2024"]
[BlackElo "2166"]
[PlyCount "52"]
[EventDate "2008.??.??"]
[WhiteTeam "FSV Großenseebach"]
[BlackTeam "SK Krumbach"]

1. d4 Nf6 2. c4 c5 3. d5 b5 4. cxb5 a6 5. bxa6 Bxa6 6. g3 d6 7. Bg2 g6 8. Nc3
Bg7 9. Nf3 O-O 10. O-O Nbd7 11. Qc2 Qa5 12. Rd1 Rfb8 13. e4 Ng4 14. h3 Nge5 15.
Nxe5 Nxe5 16. f4 Nc4 17. e5 dxe5 18. d6 Ra7 19. d7 exf4 20. Nd5 Bd4+ 21. Rxd4
Qe1+ 22. Bf1 cxd4 23. Qb3 Rd8 24. Nxe7+ Qxe7 25. Bxc4 Qe1+ 26. Kg2 Bxc4 0-1

[Event "Bayern ch 2008"]
[Site "Bad Neustadt /Saale"]
[Date "2008.08.30"]
[Round "1"]
[White "Palmi, Herbert"]
[Black "Sandner, Michael"]
[Result "1/2-1/2"]
[WhiteElo "2163"]
[BlackElo "2044"]
[PlyCount "37"]
[EventDate "2008.??.??"]
[WhiteTeam "SC Bayerwald/Regen"]
[BlackTeam "SG Traunstein/Traunreut e.V."]

1. e4 e6 2. d3 d5 3. Nd2 Nf6 4. Ngf3 b6 5. g3 Bb7 6. Qe2 c5 7. Bg2 Nc6 8. O-O
g6 9. Re1 Bg7 10. c3 dxe4 11. dxe4 e5 12. Nc4 Qc7 13. Qc2 O-O 14. Bg5 h6 15.
Bxf6 Bxf6 16. Rad1 Rad8 17. Ne3 Ne7 18. c4 Bg7 19. Rxd8 1/2-1/2

[Event "Bayern ch 2008"]
[Site "Bad Neustadt /Saale"]
[Date "2008.08.31"]
[Round "2"]
[White "Golda, Harald"]
[Black "Meister, Peter"]
[Result "1/2-1/2"]
[WhiteElo "2336"]
[BlackElo "2390"]
[PlyCount "82"]
[EventDate "2008.??.??"]
[WhiteTeam "Schachklub Schweinfurt 2000 e.V."]
[BlackTeam "FC Bayern München e.V."]

1. d4 d5 2. Nf3 Bf5 3. c4 e6 4. cxd5 exd5 5. Qb3 Nc6 6. a3 Rb8 7. Nc3 Nge7 8.
Bf4 a6 9. e3 h6 10. Be2 Be6 11. O-O g5 12. Bg3 Bg7 13. Bd3 O-O 14. Qc2 f5 15.
Rfe1 Bf6 16. Rac1 h5 17. h4 g4 18. Ng5 Bxg5 19. hxg5 Ng6 20. Ne2 Qxg5 21. Bxc7
Rbc8 22. Bf4 Qe7 23. Qc5 Qd7 24. Qb6 Nce7 25. Bc7 Nc6 26. Nf4 Nxf4 27. Bxf4 Ne7
28. b4 Rxc1 29. Rxc1 Rc8 30. Rc5 Rxc5 31. Qxc5 Kf7 32. Bg5 Nc8 33. Bf4 Ne7 34.
Qc2 Qc6 35. Qc5 Qxc5 36. dxc5 Nc6 37. g3 Bd7 38. Kf1 Na7 39. Ke1 Ke6 40. Kd2
Nb5 41. Bxb5 Bxb5 1/2-1/2

[Event "Bayern ch 2008"]
[Site "Bad Neustadt /Saale"]
[Date "2008.08.31"]
[Round "2"]
[White "Köpke, Christian"]
[Black "Jorczik, Julian"]
[Result "1/2-1/2"]
[WhiteElo "2330"]
[BlackElo "2359"]
[PlyCount "81"]
[EventDate "2008.??.??"]
[WhiteTeam "SC Tarrasch 45 München"]
[BlackTeam "FC Bayern München e.V."]

1. e4 e6 2. b3 d5 3. Bb2 dxe4 4. Nc3 Nf6 5. Qe2 Bb4 6. O-O-O Bxc3 7. dxc3 Qe7
8. g4 h6 9. Bg2 Bd7 10. h3 Bc6 11. c4 Nbd7 12. Qe3 a6 13. Ne2 b5 14. Nd4 Bb7
15. cxb5 axb5 16. Nxb5 O-O 17. g5 Nd5 18. Rxd5 exd5 19. gxh6 f6 20. hxg7 Rf7
21. h4 c5 22. Bh3 Ne5 23. Qh6 Rxg7 24. Nc7 Rh7 25. Rg1+ Kh8 26. Qf4 Qd6 27. Kb1
Rxc7 28. Bf5 Qf8 29. Bxe5 fxe5 30. Qxe5+ Rg7 31. Rg5 Re8 32. Rh5+ Kg8 33. Bh7+
Rxh7 34. Rg5+ Rg7 35. Rxg7+ Qxg7 36. Qxe8+ Qf8 37. Qg6+ Qg7 38. Qe8+ Qf8 39.
Qg6+ Kh8 40. Qh5+ Kg8 41. Qg6+ 1/2-1/2

[Event "Bayern ch 2008"]
[Site "Bad Neustadt /Saale"]
[Date "2008.08.31"]
[Round "2"]
[White "de Francesco, Klaus"]
[Black "Grimberg, Boris"]
[Result "1/2-1/2"]
[WhiteElo "2362"]
[BlackElo "2293"]
[PlyCount "46"]
[EventDate "2008.??.??"]
[WhiteTeam "SK Weilheim"]
[BlackTeam "SAbt TSV Haunstetten"]

1. d4 f5 2. g3 Nf6 3. Bg2 g6 4. Nf3 Bg7 5. O-O O-O 6. c4 d6 7. Nc3 Qe8 8. b3
Na6 9. Ba3 c6 10. Qd3 Rb8 11. e4 fxe4 12. Nxe4 Bf5 13. Nxf6+ Bxf6 14. Qd2 b5
15. cxb5 Rxb5 16. Rfe1 Qd7 17. Rac1 Nc7 18. Nh4 Nd5 19. Nxf5 gxf5 20. Bh3 e6
21. Re2 Rbb8 22. Rce1 Rfe8 23. Bg2 Rb5 1/2-1/2

[Event "Bayern ch 2008"]
[Site "Bad Neustadt /Saale"]
[Date "2008.08.31"]
[Round "2"]
[White "Reich, Thomas"]
[Black "Schramm, Christian"]
[Result "1/2-1/2"]
[WhiteElo "2425"]
[BlackElo "2318"]
[PlyCount "111"]
[EventDate "2008.??.??"]
[WhiteTeam "FC Bayern München e.V."]
[BlackTeam "SC 1959 Obernau"]

1. d4 e6 2. Nf3 c5 3. c4 cxd4 4. Nxd4 a6 5. Nc3 Nf6 6. g3 Qc7 7. Qd3 d6 8. Bg2
Nbd7 9. b3 Be7 10. O-O Rb8 11. Bg5 h6 12. Bxf6 Nxf6 13. Rac1 O-O 14. f4 Qa5 15.
Kh1 Qh5 16. Qf3 Qxf3 17. Bxf3 Bd7 18. Rfd1 Rfc8 19. Ne4 d5 20. Nxf6+ Bxf6 21.
Nc2 Rc7 22. Ne3 Rbc8 23. Ng4 Bb5 24. a4 Be8 25. Nxf6+ gxf6 26. a5 dxc4 27. bxc4
Bc6 28. Bxc6 Rxc6 29. Rb1 R8c7 30. Rd8+ Kg7 31. Rb8 Rxc4 32. Kg2 Rc2 33. Kf2
Ra2 34. R8xb7 Rcc2 35. Re1 Rxa5 36. Ra7 Raa2 37. g4 Ra4 38. Kg3 Rc3+ 39. e3 Ra2
40. h3 a5 41. Kf3 Raa3 42. h4 e5 43. f5 Ra4 44. h5 Rf4+ 45. Kg3 a4 46. Ra8 a3
47. Ra7 Re4 48. Kf3 Rf4+ 49. Kg3 Rb4 50. Kf3 Rcc4 51. Rd1 Ra4 52. Re7 a2 53.
Rdd7 Rxg4 54. Rxf7+ Kg8 55. Rfe7 Ra8 56. Kxg4 1/2-1/2

[Event "Bayern ch 2008"]
[Site "Bad Neustadt /Saale"]
[Date "2008.08.31"]
[Round "2"]
[White "Deglmann, Ludwig"]
[Black "Holzer, Richard"]
[Result "1-0"]
[WhiteElo "2336"]
[BlackElo "2296"]
[PlyCount "63"]
[EventDate "2008.??.??"]
[WhiteTeam "FC Bayern München e.V."]
[BlackTeam "SK Passau 1869"]

1. g3 e5 2. c4 Nc6 3. Bg2 d6 4. Nc3 Be6 5. Nd5 Nd4 6. e3 Nf5 7. d3 c6 8. Nc3
Nf6 9. Nge2 Be7 10. e4 Nd4 11. Nxd4 exd4 12. Ne2 c5 13. O-O Qc7 14. b4 Bg4 15.
bxc5 dxc5 16. h3 Bd7 17. Bf4 Bd6 18. Bg5 Ng8 19. Nf4 Bc6 20. Nh5 f6 21. e5 Bxe5
22. Bxc6+ Qxc6 23. Re1 Kf7 24. f4 Bd6 25. Qg4 Qc8 26. f5 fxg5 27. Qxg5 Qf8 28.
Re4 Be7 29. f6 Nxf6 30. Rf1 Kg8 31. Rxe7 Qxe7 32. Nxf6+ 1-0

[Event "Bayern ch 2008"]
[Site "Bad Neustadt /Saale"]
[Date "2008.08.31"]
[Round "2"]
[White "Seuffert, Gabriel"]
[Black "Liepold, Stefan"]
[Result "1/2-1/2"]
[WhiteElo "2322"]
[BlackElo "2283"]
[PlyCount "127"]
[EventDate "2008.??.??"]
[WhiteTeam "SV Würzburg von 1865 e.V."]
[BlackTeam "SC Erlangen"]

1. d4 d5 2. c4 dxc4 3. Nf3 Nf6 4. e3 e6 5. Bxc4 c5 6. O-O a6 7. dxc5 Qxd1 8.
Rxd1 Bxc5 9. Ne5 Nbd7 10. Nd3 Be7 11. b4 b6 12. Bb2 Bb7 13. a3 Rc8 14. Bb3 O-O
15. Nc3 b5 16. f3 Nb6 17. Ne5 Nfd5 18. Nxd5 Bxd5 19. Bxd5 Nxd5 20. e4 Ne3 21.
Rd3 Rc2 22. Rxe3 Rxb2 23. Nc6 Bd8 24. Kf1 Rc2 25. Nd4 Rc4 26. Nb3 Bb6 27. Rd3
Rc2 28. Rd2 Rxd2 29. Nxd2 Rc8 30. Ke2 Kf8 31. a4 Bd4 32. Ra2 bxa4 33. Rxa4 Bc3
34. Kd3 Bxd2 35. Kxd2 Rc6 36. Kd3 Ke7 37. h4 h5 38. g4 hxg4 39. fxg4 Kf6 40.
Ra5 e5 41. Rd5 Ke6 42. Ra5 f6 43. Ra1 Rb6 44. Kc4 Rc6+ 45. Kd3 Rd6+ 46. Ke3 Rb6
47. Ra4 Kd7 48. Kd3 Kc7 49. Ra5 Rxb4 50. Rxa6 Kd7 51. Ra7+ Ke6 52. h5 Rb3+ 53.
Ke2 g6 54. h6 Rh3 55. h7 Kd6 56. Kf2 Kc5 57. Rd7 g5 58. Kg2 Rh6 59. Kg3 Kc4 60.
Kf3 Rh3+ 61. Kg2 Rh4 62. Kg3 Rh1 63. Kg2 Rh4 64. Kg3 1/2-1/2

[Event "Bayern ch 2008"]
[Site "Bad Neustadt /Saale"]
[Date "2008.08.31"]
[Round "2"]
[White "Lentrodt, Thomas"]
[Black "Poetsch, Klaus"]
[Result "1-0"]
[WhiteElo "2306"]
[BlackElo "2245"]
[PlyCount "41"]
[EventDate "2008.??.??"]
[WhiteTeam "FC Bayern München e.V."]
[BlackTeam "SC Waldkraiburg"]

1. d4 d5 2. Nf3 c6 3. Bf4 Nf6 4. e3 Bf5 5. c4 e6 6. Qb3 Qb6 7. c5 Qxb3 8. axb3
Nbd7 9. h3 h6 10. Nbd2 g5 11. Bh2 a6 12. b4 O-O-O 13. b5 cxb5 14. Bxb5 Nxc5 15.
dxc5 Ne4 16. Nxe4 dxe4 17. Ne5 Rd5 18. Ba4 Bxc5 19. Rc1 f6 20. Nd7 b6 21. Nxb6+
1-0

[Event "Bayern ch 2008"]
[Site "Bad Neustadt /Saale"]
[Date "2008.08.31"]
[Round "2"]
[White "Röder, Gerd"]
[Black "Safyanowsky, Mark"]
[Result "1/2-1/2"]
[WhiteElo "2277"]
[BlackElo "2284"]
[PlyCount "23"]
[EventDate "2008.??.??"]
[WhiteTeam "SV Altensittenbach"]
[BlackTeam "SC Dillingen"]

1. e4 e6 2. d4 d5 3. Nd2 c5 4. exd5 exd5 5. Bb5+ Nc6 6. Ngf3 Be6 7. dxc5 Bxc5
8. O-O Nge7 9. Nb3 Bd6 10. Bg5 O-O 11. Re1 Bg4 12. Be2 1/2-1/2